| 000 | 00600nam a22002057a 4500 | ||
|---|---|---|---|
| 003 | OSt | ||
| 005 | 20160310131838.0 | ||
| 008 | 160310b xxu||||| |||| 00| 0 eng d | ||
| 020 | _a1856496422 | ||
| 040 | _c040a | ||
| 082 |
_a338.9 _bSTR 1999 |
||
| 245 |
_aStrategies for sustainable development : _bexperiences from the pacific / _cJohn Overton, Regina Scheyvens |
||
| 260 |
_aLondon _bZed Books _c1999 |
||
| 300 |
_axiv, 306p; _bill : _c10 cm |
||
| 504 | _aIncludes index | ||
| 650 |
_aDevelopment _9612 |
||
| 700 |
_aOverton, John _97243 |
||
| 700 |
_aScheyvens, Regina _97244 |
||
| 942 |
_2ddc _cSLOAN |
||
| 999 |
_c3225 _d3225 |
||